The Agile Rabbit book of historical and curious maps. (Record no. 352744)
[ view plain ]
| 000 -LEADER | |
|---|---|
| fixed length control field | 00814 a2200253 4500 |
| 003 - CONTROL NUMBER IDENTIFIER | |
| control field | OSt |
| 005 - DATE AND TIME OF LATEST TRANSACTION | |
| control field | 20180116192343.0 |
| 008 - FIXED-LENGTH DATA ELEMENTS--GENERAL INFORMATION | |
| fixed length control field | 120529t xxu||||| |||| 00| 0 eng d |
| 020 ## - INTERNATIONAL STANDARD BOOK NUMBER | |
| International Standard Book Number | 9057680513 (pbk.) |
| 020 ## - INTERNATIONAL STANDARD BOOK NUMBER | |
| International Standard Book Number | 9789057680519 |
| 040 ## - CATALOGING SOURCE | |
| Transcribing agency | 0 |
| 082 04 - DEWEY DECIMAL CLASSIFICATION NUMBER | |
| Classification number | 912 |
| 245 04 - TITLE STATEMENT | |
| Title | The Agile Rabbit book of historical and curious maps. |
| 246 3# - VARYING FORM OF TITLE | |
| Title proper/short title | Book of historical and curious maps. |
| 260 ## - PUBLICATION, DISTRIBUTION, ETC. | |
| Place of publication, distribution, etc. | Amsterdam : |
| Name of publisher, distributor, etc. | Pepin ; |
| Date of publication, distribution, etc. | 2005. |
| 300 ## - PHYSICAL DESCRIPTION | |
| Extent | 127 p. : |
| Other physical details | chiefly col. maps ; |
| Dimensions | 28 cm. |
| 500 ## - GENERAL NOTE | |
| General note | Includes CD-ROM in rear pocket. |
| 650 #0 - SUBJECT ADDED ENTRY--TOPICAL TERM | |
| Topical term or geographic name entry element | Maps in art |
| 9 (RLIN) | 2500 |
| 650 #0 - SUBJECT ADDED ENTRY--TOPICAL TERM | |
| Topical term or geographic name entry element | Decoration and ornament |
| Chronological subdivision | Catalogs |
| 9 (RLIN) | 2501 |
| 650 #0 - SUBJECT ADDED ENTRY--TOPICAL TERM | |
| Topical term or geographic name entry element | Historical geography |
| Chronological subdivision | Maps. |
| 9 (RLIN) | 2502 |
| 710 2# - ADDED ENTRY--CORPORATE NAME | |
| Corporate name or jurisdiction name as entry element | Pepin Press |
| 9 (RLIN) | 2503 |
| 942 ## - ADDED ENTRY ELEMENTS (KOHA) | |
| Institution code [OBSOLETE] | SADA |
| Koha item type | Reference |
| Call number prefix | REF 912 AGI 2005 |
| Source of classification or shelving scheme | |
| Withdrawn status | Lost status | Source of classification or shelving scheme | Damaged status | Not for loan | Permanent Location | Current Location | Date acquired | Total Checkouts | Full call number | Barcode | Date last seen | Cost, replacement price | Price effective from | Koha item type | Copy number | Date last checked out |
|---|---|---|---|---|---|---|---|---|---|---|---|---|---|---|---|---|
| School of Art Design and Architecture (SADA) | School of Art Design and Architecture (SADA) | 04/08/2011 | REF 912 AGI 2005 | SADA0000744 | 08/05/2011 | 2132.00 | 08/05/2011 | Reference | ||||||||
| School of Art Design and Architecture (SADA) | School of Art Design and Architecture (SADA) | 09/20/2011 | CD 912 AGI 2005 | SADA0001575 | 09/21/2011 | 09/21/2011 | 01 | |||||||||
| School of Art Design and Architecture (SADA) | School of Art Design and Architecture (SADA) | 09/20/2011 | 1 | CD 912 AGI 2005 | SADA0001576 | 01/31/2012 | 09/21/2011 | 02 | 01/31/2012 |
